[Event "57th Biel Festival MTO 2024"]
[White "Erne,Raphael"]
[Black "Vincenti,Leonardo"]
[Site "Biel"]
[Round "10.39"]
[Annotator "RC"]
[Result "1/2-1/2"]
[Date "2024.07.25"]
[WhiteElo "2102"]
[BlackElo "2166"]
[PlyCount "54"]

1. c4 e6 2. g3 d5 3. Bg2 dxc4 4. Qa4+ c6 5. Qxc4 b5 6. Qb3 Bb7 7. Nf3 Nd7 8. d4 Ngf6 9. O-O a6 10. a4 c5 11. axb5 Bd5 12. Qd1 axb5 13. Rxa8 Qxa8 14. dxc5 Bxc5 15. Nc3 Bc6 16. Ne1 b4 17. Bxc6 Qxc6 18. Na4 Be7 19. b3 O-O 20. Bb2 Rc8 21. Nf3 Ne4 22. Qd3 Ndc5 23. Nxc5 Bxc5 24. Ne5 Qb7 25. Qf3 f6 26. Nd3 Bf8 27. Rc1 Rxc1+ 1/2-1/2

[Event "57th Biel Festival MTO 2024"]
[White "Tarini Goyal"]
[Black "Asllani,Dorian"]
[Site "Biel"]
[Round "10.40"]
[Annotator "RC"]
[Result "1/2-1/2"]
[Date "2024.07.25"]
[WhiteElo "2079"]
[BlackElo "2154"]
[PlyCount "70"]

1. c4 e6 2. Nf3 d5 3. d4 Nf6 4. g3 Be7 5. Nc3 O-O 6. Bg2 c6 7. O-O b6 8. b3 Bb7 9. Bb2 Nbd7 10. e3 Ba6 11. Ne5 Nxe5 12. dxe5 Nd7 13. Ne2 Rc8 14. Rc1 dxc4 15. bxc4 Qc7 16. Qa4 b5 17. Qxa6 Nb8 18. Qxc8 Rxc8 19. cxb5 c5 20. Nd4 Qb6 21. Ba1 h5 22. h4 Rc7 23. Nc6 Nxc6 24. bxc6 Rxc6 25. Bxc6 Qxc6 26. Rc4 Qa6 27. Rc2 g5 28. hxg5 h4 29. gxh4 Qa4 30. Rfc1 Qxh4 31. Bb2 Qa4 32. f4 Kg7 33. Kf2 Kg6 34. Rc3 Qxa2 35. R1c2 Qb1 1/2-1/2

[Event "57th Biel Festival MTO 2024"]
[White "Haugner,Jan"]
[Black "Schnell,Simon"]
[Site "Biel"]
[Round "10.41"]
[Annotator "RC"]
[Result "0-1"]
[Date "2024.07.25"]
[WhiteElo "2072"]
[BlackElo "2139"]
[PlyCount "46"]

1. e4 c6 2. d4 d5 3. e5 Bf5 4. h4 Qb6 5. h5 f6 6. g4 Bd7 7. f4 f5 8. Bd3 Nh6 9. Qe2 e6 10. g5 Ng4 11. Nf3 c5 12. c3 Nc6 13. dxc5 Bxc5 14. b4 Be7 15. a4 O-O 16. a5 Qc7 17. Be3 Rfd8 18. Bd4 Nxd4 19. Nxd4 Bxb4 20. cxb4 Qc1+ 21. Qd1 Qe3+ 22. Be2 Qf2+ 23. Kd2 Qxd4+ 0-1

[Event "57th Biel Festival MTO 2024"]
[White "Arsenie,Cristian Marc"]
[Black "Mata,Adilson"]
[Site "Biel"]
[Round "10.42"]
[Annotator "RC"]
[Result "0-1"]
[Date "2024.07.25"]
[WhiteElo "2121"]
[BlackElo "1971"]
[PlyCount "80"]

1. e4 c5 2. Nf3 Nc6 3. Nc3 e5 4. Bc4 Be7 5. d3 h6 6. Nd2 Nf6 7. Nf1 a6 8. a4 d6 9. Ne3 Nb4 10. O-O Be6 11. Qe2 Qc7 12. Bd2 Rd8 13. Rae1 O-O 14. f4 Bxc4 15. dxc4 exf4 16. Rxf4 Qd7 17. Ref1 Nh7 18. h4 Nc6 19. Nf5 Nd4 20. Nxd4 cxd4 21. Nd5 Rde8 22. Qd3 Qxa4 23. Qxd4 Qd7 24. Bc3 f6 25. Ne3 Kh8 26. Nf5 Qc6 27. Rd1 Bd8 28. Qxd6 Qxc4 29. Rg4 Rf7 30. Qg3 Bc7 31. e5 Qc5+ 32. Bd4 Qxc2 33. Rd3 fxe5 34. Rxg7 exd4 35. Rxf7 Bxg3 36. Rxg3 Qc1+ 37. Kh2 Rf8 38. Ne7 Qc2 39. Rgg7 Nf6 40. Rg6 Rxf7 0-1

[Event "57th Biel Festival MTO 2024"]
[White "Krishnan,Ritvik"]
[Black "Chen,Muxi"]
[Site "Biel"]
[Round "10.43"]
[Annotator "RC"]
[Result "0-1"]
[Date "2024.07.25"]
[WhiteElo "2297"]
[BlackElo "1954"]
[PlyCount "62"]

1. e4 c5 2. Nf3 Nc6 3. Bb5 g6 4. O-O Bg7 5. Re1 e5 6. Bxc6 dxc6 7. d3 Qe7 8. Nbd2 Nf6 9. Nc4 Nd7 10. a4 Nf8 11. Bg5 f6 12. Be3 Ne6 13. a5 O-O 14. h3 Rd8 15. Qc1 Qc7 16. Nfd2 Bd7 17. Nb3 b5 18. Ncd2 Bf8 19. h4 Be8 20. h5 g5 21. g4 Nd4 22. Kg2 Bf7 23. Bxd4 cxd4 24. f3 c5 25. c4 dxc3 26. Qxc3 Qd6 27. Re3 Rac8 28. Rd1 c4 29. dxc4 Rxc4 30. Nxc4 Qxd1 31. Ncd2 b4 0-1

[Event "57th Biel Festival MTO 2024"]
[White "Monteverde,Jonathan"]
[Black "Papaux,Steve"]
[Site "Biel"]
[Round "10.44"]
[Annotator "RC"]
[Result "1/2-1/2"]
[Date "2024.07.25"]
[WhiteElo "2052"]
[BlackElo "2188"]
[PlyCount "55"]

1. d4 Nf6 2. c4 e6 3. Nc3 Bb4 4. Qc2 O-O 5. Nf3 d5 6. Bg5 h6 7. Bxf6 Qxf6 8. e3 c6 9. Bd3 Nd7 10. O-O Qe7 11. Rfd1 a6 12. e4 dxc4 13. Bxc4 b5 14. Bf1 c5 15. a4 bxa4 16. d5 a3 17. bxa3 Bxc3 18. Qxc3 exd5 19. exd5 Qd6 20. Rab1 Nf6 21. Qe5 Rd8 22. Qxd6 Rxd6 23. Rbc1 Nxd5 24. Rxc5 Be6 25. Ne5 Rad8 26. Nc4 R6d7 27. Ne5 Rd6 28. Nc4 1/2-1/2

[Event "57th Biel Festival MTO 2024"]
[White "Pappier,Carlos"]
[Black "Matsumura,Cocoro"]
[Site "Biel"]
[Round "10.45"]
[Annotator "RC"]
[Result "1-0"]
[Date "2024.07.25"]
[WhiteElo "2202"]
[BlackElo "2032"]
[PlyCount "51"]

1. d4 d5 2. c4 e6 3. Nc3 Nf6 4. Bg5 dxc4 5. e3 c5 6. Bxf6 Qxf6 7. d5 a6 8. a4 Be7 9. Bxc4 O-O 10. Nf3 Rd8 11. Qb3 Bf8 12. O-O e5 13. Ne4 Qg6 14. Bd3 Nd7 15. Rac1 Qb6 16. Qa2 h6 17. a5 Qa7 18. d6 b5 19. axb6 Qxb6 20. Nfg5 hxg5 21. Nxg5 Nf6 22. Qxf7+ Kh8 23. Rc4 Bg4 24. Rxg4 Nxg4 25. Qh5+ Nh6 26. Qg6 1-0

[Event "57th Biel Festival MTO 2024"]
[White "Panda,Barnabas"]
[Black "Nurgaliyeva,Zarina"]
[Site "Biel"]
[Round "10.46"]
[Annotator "RC"]
[Result "1/2-1/2"]
[Date "2024.07.25"]
[WhiteElo "2074"]
[BlackElo "2145"]
[PlyCount "57"]

1. d4 Nf6 2. c4 e6 3. Nc3 Bb4 4. Qc2 d5 5. a3 Bxc3+ 6. Qxc3 c5 7. dxc5 d4 8. Qg3 Nc6 9. Nf3 e5 10. b4 O-O 11. Nxe5 Nh5 12. Nxc6 Nxg3 13. Nxd8 Nxh1 14. g3 Rxd8 15. Bg2 d3 16. exd3 Rxd3 17. Bxh1 Bg4 18. Be3 Rad8 19. Bd5 R3xd5 20. cxd5 Rxd5 21. a4 Kf8 22. b5 Ke7 23. Rb1 Kd8 24. c6 bxc6 25. Bxa7 cxb5 26. axb5 Kc8 27. Be3 Bf3 28. b6 Kb7 29. Rc1 1/2-1/2

[Event "57th Biel Festival MTO 2024"]
[White "Perreard,Nicolas"]
[Black "Kaiser,Elmar"]
[Site "Biel"]
[Round "10.47"]
[Annotator "RC"]
[Result "0-1"]
[Date "2024.07.25"]
[WhiteElo "2060"]
[BlackElo "2116"]
[PlyCount "36"]

1. d4 Nf6 2. c4 g6 3. Nc3 d5 4. cxd5 Nxd5 5. e4 Nxc3 6. bxc3 Bg7 7. Bg5 c5 8. Rc1 Qa5 9. Qd2 cxd4 10. cxd4 Qxd2+ 11. Kxd2 Nd7 12. d5 Bd4 13. f3 Bb6 14. Bh6 f6 15. Bc4 Ne5 16. Ne2 g5 17. h4 g4 18. f4 Nf7 0-1

[Event "57th Biel Festival MTO 2024"]
[White "Pisan,Kai"]
[Black "Borner,Daniel"]
[Site "Biel"]
[Round "10.48"]
[Annotator "RC"]
[Result "1/2-1/2"]
[Date "2024.07.25"]
[WhiteElo "1950"]
[BlackElo "2075"]
[PlyCount "48"]

1. d4 Nf6 2. c4 g6 3. g3 c5 4. d5 b5 5. cxb5 a6 6. bxa6 Nxa6 7. Bg2 d6 8. Nc3 Bg7 9. Nf3 O-O 10. O-O Bf5 11. Nd2 Qd7 12. e4 Bh3 13. Nc4 Rfb8 14. Rb1 Bxg2 15. Kxg2 Nc7 16. a3 Nb5 17. Nxb5 Qxb5 18. Qc2 Ra4 19. Nd2 Rd4 20. Re1 Ng4 21. Nf3 Rd3 22. b4 Rc3 23. Qe2 Qa4 24. Nd2 Qb5 1/2-1/2

[Event "57th Biel Festival MTO 2024"]
[White "Udipi,Kala Kishan"]
[Black "Kwiatkowski,Jakub"]
[Site "Biel"]
[Round "10.49"]
[Annotator "RC"]
[Result "1/2-1/2"]
[Date "2024.07.25"]
[WhiteElo "2051"]
[BlackElo "2024"]
[PlyCount "39"]

1. d4 Nf6 2. c4 e6 3. Nf3 Bb4+ 4. Bd2 Qe7 5. g3 Nc6 6. Bg2 Bxd2+ 7. Qxd2 Ne4 8. Qc2 Qb4+ 9. Nc3 Nxc3 10. Qxc3 Qxc3+ 11. bxc3 d6 12. O-O Na5 13. Nd2 Rb8 14. c5 dxc5 15. dxc5 b6 16. Nb3 Nc4 17. Nd4 bxc5 18. Nc6 Rb6 19. Nxa7 Bd7 20. a4 1/2-1/2

[Event "57th Biel Festival MTO 2024"]
[White "Udelnov,Valentin"]
[Black "Khulan,Enkhsaikhan"]
[Site "Biel"]
[Round "10.50"]
[Annotator "RC"]
[Result "1-0"]
[Date "2024.07.25"]
[WhiteElo "1965"]
[BlackElo "2063"]
[PlyCount "43"]

1. e4 e6 2. d4 d5 3. Nd2 c5 4. Ngf3 cxd4 5. exd5 Qxd5 6. Bc4 Qd6 7. O-O Nf6 8. Nb3 Nc6 9. Nbxd4 Nxd4 10. Nxd4 a6 11. Re1 Qc7 12. Bf1 Bd6 13. Nf5 Bxh2+ 14. Kh1 Kf8 15. Qd4 exf5 16. Qxf6 h5 17. Qd4 Bd6 18. Bc4 Bc5 19. Qd5 Bxf2 20. Bf4 Qd7 21. Bd6+ Kg8 22. Re7 1-0

[Event "57th Biel Festival MTO 2024"]
[White "Kheerthi Ganta"]
[Black "Saine,Zachary"]
[Site "Biel"]
[Round "10.51"]
[Annotator "RC"]
[Result "1/2-1/2"]
[Date "2024.07.25"]
[WhiteElo "1987"]
[BlackElo "2035"]
[PlyCount "115"]

1. d4 d5 2. Nf3 Nf6 3. e3 Bg4 4. c4 c6 5. Qb3 Qb6 6. Qxb6 axb6 7. Ne5 Bf5 8. Nc3 e6 9. Bd2 Nbd7 10. Nxd7 Kxd7 11. f3 h5 12. Kf2 Bg6 13. h4 Bd6 14. Be2 Ke7 15. Rac1 Nd7 16. Rhd1 Nf6 17. g3 Rhd8 18. Kg2 Bh7 19. Kf2 Rg8 20. Rg1 Rh8 21. Rh1 Rag8 22. Rcg1 Ra8 23. Rc1 dxc4 24. Bxc4 e5 25. dxe5 Bxe5 26. e4 Rhd8 27. Bg5 Bd4+ 28. Kg2 Kf8 29. Rhe1 Re8 30. Rc2 b5 31. Bb3 b4 32. Ne2 Nxe4 33. Nxd4 Nxg5 34. Rxe8+ Rxe8 35. hxg5 Bxc2 36. Nxc2 c5 37. Kf2 Rd8 38. Ke2 b5 39. Ne3 c4 40. Bc2 g6 41. Be4 Ke7 42. Nd5+ Kd6 43. Nxb4 h4 44. gxh4 Rh8 45. Nc2 Rxh4 46. b3 Rh5 47. bxc4 bxc4 48. f4 Rh3 49. Kd2 Kc5 50. Ke2 c3 51. Bd3 Rh8 52. Kf3 Ra8 53. a3 Re8 54. Kf2 Re7 55. Kf3 Rd7 56. Ke3 Re7+ 57. Kf3 Rd7 58. Ke4 1/2-1/2

[Event "57th Biel Festival MTO 2024"]
[White "Selinga,Jan"]
[Black "Cordes,Jule"]
[Site "Biel"]
[Round "10.52"]
[Annotator "RC"]
[Result "1-0"]
[Date "2024.07.25"]
[WhiteElo "2023"]
[BlackElo "1900"]
[PlyCount "175"]

1. e4 e6 2. Qe2 c5 3. Nf3 Nc6 4. g3 Be7 5. Bg2 d5 6. d3 Nf6 7. c3 O-O 8. O-O b6 9. Nfd2 Bb7 10. f4 Qc7 11. a4 Rad8 12. Na3 d4 13. Nac4 a6 14. Nf3 b5 15. Nce5 Na5 16. axb5 axb5 17. Qc2 Nc6 18. cxd4 Nxd4 19. Nxd4 Rxd4 20. Be3 Rdd8 21. Rfc1 Nd7 22. d4 Nxe5 23. fxe5 Qb8 24. dxc5 Qxe5 25. Ra7 Qb8 26. c6 Bg5 27. Qf2 Bxe3 28. Qxe3 Bxc6 29. Rxc6 Rd1+ 30. Bf1 Qe5 31. Rac7 Qxb2 32. Rc8 Rfd8 33. Qb6 Qf6 34. Rxd8+ Rxd8 35. Rc2 h6 36. Qxb5 Qd4+ 37. Rf2 Qxe4 38. Qh5 Rd7 39. Qf3 Qd4 40. Kg2 Qd6 41. Bb5 Ra7 42. Rc2 Qd8 43. Qe4 Qa8 44. Bc6 Qc8 45. Rb2 Rc7 46. Bb7 Qd8 47. Ra2 f5 48. Qxe6+ Kh7 49. Qxf5+ g6 50. Qf3 Rd7 51. Be4 Qe7 52. Re2 Qd6 53. Qg4 Rf7 54. Rf2 Re7 55. h4 Qe6 56. Qxe6 Rxe6 57. Bd5 Rd6 58. Rd2 Kg7 59. Kf3 Ra6 60. Ke4 Ra3 61. Rd3 Ra1 62. Kf4 Kf6 63. Ke4 Ra4+ 64. Rd4 Ra3 65. Kf4 Ra1 66. Bf3 Rf1 67. Rd1 Rf2 68. Ke3 Ra2 69. Rd6+ Kg7 70. Be4 Ra3+ 71. Bd3 Kf7 72. h5 gxh5 73. Rxh6 Ra5 74. Be2 Re5+ 75. Kf2 Rf5+ 76. Kg2 Re5 77. Bf3 h4 78. Rxh4 Kg6 79. Rd4 Ra5 80. Kh3 Ra3 81. Kg4 Ra6 82. Rc4 Ra5 83. Rc6+ Kg7 84. Be4 Kf7 85. Kf4 Kg7 86. Bf5 Ra3 87. g4 Ra7 88. Rd6 1-0

[Event "57th Biel Festival MTO 2024"]
[White "Tellarini,Lorenzo"]
[Black "Hornung,Hans"]
[Site "Biel"]
[Round "10.53"]
[Annotator "RC"]
[Result "1/2-1/2"]
[Date "2024.07.25"]
[WhiteElo "1953"]
[BlackElo "2009"]
[PlyCount "75"]

1. e4 c5 2. Nf3 e6 3. c4 Nc6 4. d4 cxd4 5. Nxd4 Nf6 6. Nc3 Bb4 7. Nxc6 bxc6 8. Bd3 e5 9. O-O O-O 10. Be3 d6 11. h3 h6 12. Rc1 Be6 13. Qe2 Bc5 14. Bxc5 dxc5 15. Qe3 Qd4 16. Na4 Qxe3 17. fxe3 Nd7 18. b3 Rad8 19. Bc2 g6 20. Rcd1 Rc8 21. Rd6 Rc7 22. Kh2 Re8 23. Bd1 h5 24. g4 h4 25. g5 Kf8 26. Bg4 Bxg4 27. hxg4 Ke7 28. Rd2 Rh8 29. Kh3 Rh7 30. Rfd1 Rh8 31. Rh2 Rh7 32. Rhd2 Rh8 33. Rd6 Rh7 34. R6d3 Rh8 35. Rb1 Rb7 36. Rd2 Rc7 37. Rdb2 Rb7 38. Rd1 1/2-1/2

[Event "57th Biel Festival MTO 2024"]
[White "Malli,Suvirr"]
[Black "Malli,Shiivesh Sunil"]
[Site "Biel"]
[Round "10.54"]
[Annotator "RC"]
[Result "1-0"]
[Date "2024.07.25"]
[WhiteElo "2147"]
[BlackElo "1916"]
[PlyCount "51"]

1. e4 c5 2. Nf3 Nc6 3. d4 cxd4 4. Nxd4 g6 5. c4 Bg7 6. Be3 d6 7. Nc3 Nf6 8. f3 Bd7 9. Be2 O-O 10. Qd2 Nxd4 11. Bxd4 Bc6 12. O-O-O a6 13. g4 b5 14. h4 bxc4 15. h5 d5 16. exd5 Bb5 17. hxg6 hxg6 18. f4 Bd7 19. f5 Qc8 20. Bf3 Qc7 21. g5 Ne8 22. Bxg7 Nxg7 23. f6 Nf5 24. fxe7 Rfe8 25. d6 Qb6 26. Qh2 1-0

[Event "57th Biel Festival MTO 2024"]
[White "Pouly,Ivan"]
[Black "Douguet,Claude"]
[Site "Biel"]
[Round "10.55"]
[Annotator "RC"]
[Result "1/2-1/2"]
[Date "2024.07.25"]
[WhiteElo "1958"]
[BlackElo "1994"]
[PlyCount "131"]

1. d4 d5 2. Bf4 c5 3. e3 Nc6 4. Nf3 cxd4 5. exd4 Qb6 6. b3 Bg4 7. c3 Nf6 8. Bd3 e6 9. O-O Be7 10. h3 Bh5 11. Qe2 Rc8 12. Nbd2 O-O 13. Rac1 Bg6 14. Ne5 Bxd3 15. Qxd3 Rfd8 16. Ndf3 Ne4 17. Nxc6 Qxc6 18. Ne5 Qb6 19. c4 f6 20. Nf3 Qa6 21. Qb1 Bb4 22. a4 Qa5 23. Qd3 Qa6 24. Qe3 b6 25. cxd5 exd5 26. Rxc8 Rxc8 27. Rc1 Qb7 28. Qd3 Rxc1+ 29. Bxc1 Qc6 30. Bd2 Bxd2 31. Nxd2 Qc1+ 32. Nf1 Qe1 33. Qe3 Qc3 34. Qxc3 Nxc3 35. Ng3 Na2 36. Ne2 Nb4 37. Nc3 a6 38. Kf1 Kf7 39. Ke2 Ke6 40. Kd2 Nc6 41. Kd3 Nb4+ 42. Kd2 Kf5 43. Ne2 g6 44. Kc3 Nc6 45. Kd3 h5 46. Ke3 h4 47. Kd3 g5 48. f3 Ne7 49. Nc3 Ke6 50. b4 Ng6 51. Ne2 Kf5 52. Ke3 Ne7 53. Nc3 Ke6 54. b5 a5 55. Kd3 Nf5 56. Ne2 Nd6 57. Nc3 Nc4 58. Ke2 f5 59. Kd3 Nb2+ 60. Kc2 Nc4 61. Kd3 Nd6 62. Ke3 f4+ 63. Kd3 Nf5 64. Nd1 Kd6 65. Kc3 Ke6 66. Kd3 1/2-1/2

[Event "57th Biel Festival MTO 2024"]
[White "Pinelli,Gian"]
[Black "Arbinger,Roland"]
[Site "Biel"]
[Round "10.56"]
[Annotator "RC"]
[Result "0-1"]
[Date "2024.07.25"]
[WhiteElo "1874"]
[BlackElo "2013"]
[PlyCount "118"]

1. d4 d5 2. c4 c6 3. Nc3 Nf6 4. Nf3 dxc4 5. a4 Bf5 6. e3 e6 7. Bxc4 Bb4 8. O-O O-O 9. Qe2 Qa5 10. e4 Bg6 11. e5 Nd5 12. Na2 Be7 13. Bd2 Qc7 14. b4 Rd8 15. Rfc1 Nd7 16. Bxd5 exd5 17. a5 a6 18. e6 Nf8 19. exf7+ Bxf7 20. Ne5 Bd6 21. f4 Re8 22. Rc3 Bg6 23. Qg4 Bxe5 24. fxe5 Qc8 25. Qg3 Qf5 26. Nc1 Ne6 27. Nb3 Rf8 28. Qf3 Qxf3 29. gxf3 Rf7 30. Rf1 Raf8 31. Kg2 Bh5 32. Kg3 h6 33. Bc1 g5 34. h3 Kh7 35. Bd2 Bg6 36. Bc1 h5 37. Bd2 h4+ 38. Kh2 Kh6 39. Bc1 Kh5 40. Bd2 Be4 41. Kg2 Rxf3 42. Rfxf3 Rxf3 43. Rxf3 g4 44. hxg4+ Kxg4 45. Be3 Bxf3+ 46. Kh2 Be4 47. Nc5 Nxc5 48. bxc5 Bf5 49. Bf2 h3 50. Be1 Kf3 51. Bc3 Ke3 52. Bb2 Kd3 53. Kg3 Kc2 54. Ba1 Kb3 55. Kf2 Kb4 56. Bb2 Kxa5 57. Bc3+ Kb5 58. Kf3 a5 59. Kf4 Bd7 0-1

[Event "57th Biel Festival MTO 2024"]
[White "Stevens,Christian"]
[Black "Tkhoruk,Roman"]
[Site "Biel"]
[Round "10.57"]
[Annotator "RC"]
[Result "1-0"]
[Date "2024.07.25"]
[WhiteElo "2253"]
[BlackElo "1944"]
[PlyCount "83"]

1. e4 c6 2. d4 d5 3. exd5 cxd5 4. Bd3 Nc6 5. c3 Nf6 6. Bf4 Bg4 7. Qb3 Qc8 8. Nd2 e6 9. Ngf3 Be7 10. O-O O-O 11. Rfe1 Nh5 12. Be3 f5 13. h3 Bxh3 14. gxh3 f4 15. c4 fxe3 16. fxe3 Kh8 17. Bf1 Qc7 18. cxd5 Qg3+ 19. Bg2 Nxd4 20. Qxb7 Rxf3 21. Qxa8+ Rf8 22. Qxa7 Qf2+ 23. Kh1 Ng3+ 24. Kh2 Bd6 25. exd4 Ne2+ 26. Kh1 Qg3 27. Nf3 Nf4 28. Rg1 Ne2 29. Ne5 Bxe5 30. dxe5 Qxe5 31. Rge1 exd5 32. Rxe2 Qxe2 33. Qd4 h5 34. Qxd5 h4 35. b4 Qe3 36. Rd1 Rb8 37. Qh5+ Qh6 38. Qxh6+ gxh6 39. Rb1 Kg7 40. a4 Kf6 41. a5 Ke5 42. a6 1-0